The G.O.A.T.s of Baseball - Statistics

General Stats
  • This quiz has been taken 411 times
  • The average score is 9 of 20
Answer Stats
Answer % Correct
Babe Ruth
97%
Barry Bonds
84%
Hank Aaron
68%
Willie Mays
64%
Mickey Mantle
62%
Ted Williams
60%
Ty Cobb
53%
Mike Trout
48%
Jackie Robinson
46%
Ken Griffey Jr
46%
Nolan Ryan
44%
Albert Pujols
40%
Pete Rose
38%
Stan Musial
38%
Roger Clemens
36%
Greg Maddux
29%
Mike Schmidt
26%
Rickey Henderson
24%
Tris Speaker
15%
Dennis Eckersley
3%
No matching quizzes found
Score Distribution
Percent of People with Each Score
Percentile by Number Answered
Your Score History
You have not taken this quiz